000 00744cam a2200217 4500
001 WB3609-24
008 000000n2000 000 0 eng u
035 _a(Sirsi) u104493
245 _aEstate agents bypassed
260 _c2000
490 _aIndependent on Sunday
_v27 February 2000, 2.10(2)
520 _aSeveral recently launched internet sites promise to sell your house without using an estate agent. Some of the sites will advertise your home for free whilst others charge a flat fee of around £40. Details.
590 _aWB
650 _aINTERNET
650 _aESTATE AGENTS
650 _aPROPERTY TRANSACTIONS
650 _aHOUSE SALES
650 _aCOMMISSION
690 _aINFORMATION TECHNOLOGY-INTERNET
942 _n0
999 _c62695
_d62695